| 000 | 00460nam a2200169Ia 4500 | ||
|---|---|---|---|
| 008 | 230718s9999 xx 000 0 und d | ||
| 041 | _aeng | ||
| 082 |
_a621 _bALC |
||
| 100 | _aAlciatore D.G. | ||
| 245 | _aIntroduction To Mechatronics & Measurement Systems | ||
| 250 | _a2nd ed. | ||
| 260 |
_c2004 _bTata Mc Graw-Hill |
||
| 300 | _a466 | ||
| 365 |
_cRs. _b295.00 |
||
| 700 |
_aAlciatore D.G. & Histand M.B. _9188608 |
||
| 906 |
_d111/28.04.2005 _cETC _b59 |
||
| 999 |
_c310575 _d310575 |
||